Regional disparities in Central and Eastern Europe theoretical models and empirical analyses

Salvato in:
Dettagli Bibliografici
Enti autori: Regional disparities in Central and Eastern Europe. The international scientific conference, Slovenská akadémia vied. Ekonomický ústav
Altri autori: Workie Tiruneh, Menbere, Radvanský, Marek
Natura: Libro
Lingua:inglese
Pubblicazione: Bratislava Vydavateľstvo EKONÓM 2010
Soggetti:
Tags: Aggiungi Tag
Nessun Tag, puoi essere il primo ad aggiungerne!!

MARC

LEADER 00000nam a2200000 4500
001 0124623
005 20240109072150.2
020 |a 978-80-7144-180-9 
041 0 |a eng 
044 |a SK 
245 1 0 |a Regional disparities in Central and Eastern Europe  |b theoretical models and empirical analyses  |c Menbere Workie Tiruneh and Marek Radvanský (eds) 
264 1 |a Bratislava  |b Vydavateľstvo EKONÓM  |c 2010 
300 |a 400 s. 
610 2 0 |a regióny 
610 2 0 |a disparita 
610 2 0 |a nerovnosť 
610 2 0 |a porovnanie medzinárodné 
610 2 0 |a politika regionálna 
610 2 0 |a analýzy 
610 2 0 |a modely 
610 2 0 |a Európa 
610 2 0 |a Európska únia 
700 1 |a Workie Tiruneh, Menbere 
700 1 |a Radvanský, Marek 
110 2 |a Regional disparities in Central and Eastern Europe. The international scientific conference 
710 2 |a Slovenská akadémia vied. Ekonomický ústav